| 000 | 00514nam a2200181Ia 4500 | ||
|---|---|---|---|
| 999 |
_c19119 _d19119 |
||
| 003 | OSt | ||
| 005 | 20200630142702.0 | ||
| 008 | 190216s9999||||xx |||||||||||||| ||und|| | ||
| 020 | _a0882250701 | ||
| 040 | _coclc | ||
| 082 |
_a909.6 _bHIB/T |
||
| 100 |
_aHibbert, Christopher _93361 |
||
| 245 | 0 |
_aTwilight Of Princes / _cChristopher Hibbert |
|
| 260 |
_bNews Week Books, _c1975. _aNew York: |
||
| 300 | _a160p | ||
| 650 | _aWorld History | ||
| 942 |
_cBK _2ddc _h909.6 _iHIB/T _k909.6 _mHIB/T |
||